[Event "45th FIDE Chess Olympiad - Women's Sect"]
[Site "Budapest, Hungary"]
[Date "2024.09.12"]
[Round "2.227"]
[White "Faqeeh, Yara"]
[Black "Joshi, Aditi Narayan"]
[Result "0-1"]
[WhiteElo "1671"]
[BlackElo "1546"]
[PlyCount "122"]
[EventDate "2024.??.??"]
[WhiteTeam "Palestine"]
[BlackTeam "Guyana"]
[WhiteTeamCountry "PLE"]
[BlackTeamCountry "GUY"]
[WhiteClock "0:03:41"]
[BlackClock "0:02:21"]

1. d4 Nf6 2. Bf4 d5 3. Nf3 c5 4. e3 Qb6 5. Qc1 Bg4 ({RR} 5... cxd4 6. exd4 Nc6 7. c3 Bf5 8. Be2 Rc8 9. O-O e6 10. h3 Be7 11. Nbd2 O-O 12. Rd1 Bg6 13. Nf1 Ne4 14. Ng3 Bf6 15. Nf1 Rfd8 16. Be3 Qa5 17. a4 Qc7 18. N1d2 Na5 19. Ra3 Be7 20. Ra2 {Benkovic,P (2430)-Kunin,V (2490) Germany 2006 ½-½ (42)}) 6. Ne5 $146 ({RR} 6. Nbd2 e6 7. c3 Nc6 8. Bd3 Be7 9. h3 Bh5 10. O-O Rc8 11. Bc2 O-O 12. Nb3 cxd4 13. Nbxd4 Na5 14. Ne5 Nc4 15. Rb1 Nxe5 16. Bxe5 Nd7 17. Bh2 Bf6 18. Qd2 Rfd8 19. Kh1 Bg6 20. Bxg6 hxg6 {Van Tellingen,F-Duijn,R (2260) Haarlem 1997 0-1}) ({RR} 6. Be2 e6 7. O-O Be7 8. c3 O-O 9. Nbd2 Nc6 10. h3 Bf5 11. b3 Rac8 12. Nh4 Be4 13. Nxe4 Nxe4 14. Nf3 h6 15. Rb1 Rfe8 16. b4 cxb4 17. c4 dxc4 18. Ne5 Nxe5 19. Bxe5 Nc3 20. Rb2 Nxe2+ {Buitendag,N (1093)-Naidoo,P (1097) Bloemfontein 2016 0-1 (37)}) ({RR} 6. c3 Nc6 7. Nbd2 e6 8. Bd3 Be7 9. Rb1 O-O 10. O-O Rac8 11. h3 Bf5 12. Bxf5 exf5 13. Qc2 Ne4 14. Nxe4 fxe4 15. Ne5 cxd4 16. Nd7 d3 17. Nxb6 dxc2 18. Nxc8 cxb1=Q 19. Nxe7+ Nxe7 20. Rxb1 Rc8 {Feliciano Ebert,V-Nemeth,V Oropesa del Mar 1999 0-1 (55)}) ({RR} 6. Nbd2 e6 7. c3 Nc6 8. Bd3 Be7 9. h3 Bh5 10. O-O O-O 11. Ne5 Rac8 12. dxc5 Bxc5 13. Nb3 Be7 14. Qd2 Nxe5 15. Bxe5 Rfd8 16. f3 Nd7 17. Bg3 e5 18. Qe1 a5 19. Rb1 a4 20. Nc1 Bc5 {Porcoleanu,D (1811)-Stanciu,I (1683) Sarata Monteoru 2011 0-1 (34)}) 6... cxd4 7. exd4 Qxd4 8. Nc3 a6 9. Bd3 Nc6 10. Nxg4 Nxg4 11. O-O e5 12. Bg3 e4 13. Be2 Nf6 14. a3 Rd8 15. Rd1 Qb6 16. b4 Nd4 17. Be5 Nxe2+ 18. Nxe2 Ng4 19. Bd4 Qc7 20. h3 Ne5 21. Qe3 Be7 22. Bb6 Qc4 23. Bxd8 Bxd8 24. Nc3 Bg5 25. Qd4 Bf6 26. Qxc4 Nxc4 27. Nxd5 Bxa1 28. Rxa1 Kd7 29. a4 Re8 30. a5 Kc6 31. Rd1 Re5 32. Nc3 f5 33. Ne2 Rd5 34. Nd4+ Kd7 35. c3 g6 36. Kf1 Kd6 37. Ke2 Nb2 38. Rd2 Nc4 39. Rd1 Nb2 40. Rc1 Na4 41. Rc2 Nxc3+ 42. Rxc3 Rxd4 43. Rb3 Kd5 44. Ke3 Kc4 45. Rb1 Rd3+ 46. Kf4 Rb3 47. Rc1+ Kxb4 48. Rc7 Kxa5 49. Rxh7 Rb2 50. Ke3 b5 51. Rg7 f4+ 52. Kxe4 Rxf2 53. Rxg6 b4 54. h4 b3 55. Rg8 b2 56. Rb8 Ka4 57. h5 Rxg2 58. Kxf4 Ka3 59. h6 Rh2 60. Kg5 Ka2 61. Rb4 b1=Q 0-1

[Event "45th FIDE Chess Olympiad - Women's Sect"]
[Site "Budapest, Hungary"]
[Date "2024.09.12"]
[Round "2.232"]
[White "Kim, Sarang"]
[Black "Yaqoob, Wafa"]
[Result "1-0"]
[WhiteElo "1732"]
[BlackElo "1438"]
[PlyCount "105"]
[EventDate "2024.??.??"]
[WhiteTeam "South Korea"]
[BlackTeam "Bahrain"]
[BlackTeamCountry "BHN"]
[WhiteClock "1:19:33"]
[BlackClock "0:30:00"]

1. e4 c5 2. Nf3 a6 3. c3 d5 4. exd5 Qxd5 5. d4 Nf6 6. Be2 e6 7. O-O Nc6 8. Na3 ({RR} 8. Bf4 cxd4 9. Nxd4 Nxd4 10. cxd4 Qd8 11. Nc3 Bd6 12. Be5 O-O 13. Bf3 Qe7 14. Qd2 Nd7 15. Bxd6 Qxd6 16. Ne4 Qe7 17. Rac1 Nb6 18. Rc5 f5 19. Ng3 Qd6 20. Rfc1 Rb8 21. Nh5 Bd7 22. Qg5 Rf7 {Caruana,F (2598)-Reinderman,D (2533) Wijk aan Zee 2008 ½-½ (39)}) 8... cxd4 9. Nc4 dxc3 $146 ({RR} 9... Qd8 10. Qb3 Nd5 11. Rd1 dxc3 12. bxc3 Be7 13. Be3 Qc7 14. Rxd5 exd5 15. Nb6 Be6 16. Nxa8 Qb8 17. Nd4 Qxa8 18. Nxe6 fxe6 19. Bg4 Kf7 20. Re1 Bf6 21. Bb6 Re8 22. f4 g6 23. c4 Bd4+ 24. Bxd4 {Schmidt,H (2397)-Postler,R (2367) Germany 2011 1-0 (39)}) ({RR} 9... Qd8 10. cxd4 Be7 11. a4 O-O 12. a5 Nd5 13. Nfe5 Bd7 14. Be3 Rc8 15. Bf3 Be8 16. Nxc6 Bxc6 17. Ne5 Bb5 18. Be2 Qe8 19. Bxb5 Qxb5 20. Qd3 Qxd3 21. Nxd3 Nb4 22. Ne5 Rc2 23. Rac1 Rfc8 24. g3 {Jahnz,F (2262)-Horak,M (2349) chess.com INT 2024 0-1 (47)}) ({RR} 9... Bc5 10. Bf4 O-O 11. Nce5 dxc3 12. bxc3 Qxd1 13. Rfxd1 Nd5 14. Bd2 Nxe5 15. Nxe5 f6 16. Nd3 Be7 17. c4 Nb6 18. Rdc1 Nd7 19. c5 Nb8 20. Ba5 Nc6 21. Bb6 Nd4 22. Bf1 Bd7 23. Rab1 Bc6 24. f3 {Zunker,R (2118)-Ghijsen,P (2180) Bad Sooden-Allendorf 2016 ½-½ (57)}) ({RR} 9... Qd8 10. cxd4 b5 11. Nce5 Bb7 12. a4 b4 13. a5 Rc8 14. Qa4 Nd7 15. Bf4 Ncxe5 16. Nxe5 Be7 17. Rac1 f6 18. Rxc8 Qxc8 19. Rc1 fxe5 20. Rxc8+ Bxc8 21. Qc6 Kf7 22. Bxe5 Nxe5 23. dxe5 Rd8 24. g3 {Westerberg,J (2546)-Makolli,P (2241) Batumi 2019 1-0}) 10. Nb6 Qxd1 11. Rxd1 cxb2 12. Nxa8 bxc1=Q 13. Raxc1 Nd5 14. Ne5 Ba3 15. Rc2 O-O 16. Nc4 Bc5 17. Na5 Ba7 18. Nxc6 bxc6 19. Rb1 c5 20. Bc4 Rd8 21. Rd2 Rd7 22. Bxd5 exd5 23. Re1 Rd8 24. Rxd5 Rf8 25. Rd2 Be6 26. Nc7 Bb6 27. Nxe6 fxe6 28. Rxe6 Rb8 29. Rb2 Rd8 30. g3 Ba5 31. Rb7 Bc3 32. Rxa6 Bd4 33. Rab6 c4 34. Rb4 c3 35. Rb8 Rxb8 36. Rxb8+ Kf7 37. Kf1 Ke6 38. Ke2 Kd5 39. f3 Kc4 40. Rc8+ Kb4 41. Kd3 Bf6 42. Rc4+ Ka3 43. Rxc3+ Bxc3 44. Kxc3 Kxa2 45. Kd4 Kb3 46. Ke5 Kc3 47. h4 Kd3 48. h5 g6 49. f4 Ke3 50. g4 Kf3 51. f5 gxf5 52. gxf5 Kg4 53. f6 1-0

[Event "45th FIDE Chess Olympiad - Women's Sect"]
[Site "Budapest, Hungary"]
[Date "2024.09.12"]
[Round "2.234"]
[White "Mahi R. Shah"]
[Black "Torres Hernandez, Leslie Carolin"]
[Result "0-1"]
[WhiteElo "1602"]
[BlackElo "1891"]
[PlyCount "82"]
[EventDate "2024.??.??"]
[WhiteTeam "Tanzania"]
[BlackTeam "Honduras"]
[WhiteTeamCountry "TAN"]
[BlackTeamCountry "HON"]
[WhiteClock "0:29:19"]
[BlackClock "1:14:27"]

1. d4 Nf6 2. c4 e6 3. Nf3 b6 4. g3 Bb7 5. Bg2 c5 6. O-O Be7 7. Bf4 ({RR} 7. d5 exd5 8. Ng5 O-O 9. Nc3 h6 10. Nh3 Na6 11. Nf4 Nc7 12. Ncxd5 Ncxd5 13. Nxd5 Nxd5 14. Bxd5 Bc6 15. b3 Bf6 16. Rb1 Re8 17. e3 Qc7 18. Qf3 Re5 19. Bxc6 dxc6 20. Rd1 Ree8 21. Bb2 Bxb2 {Donchenko,A (2599)-Tologontegin,S (2374) Chess.com INT 2022 0-1 (91)}) ({RR} 7. b3 cxd4 8. Nxd4 Bxg2 9. Kxg2 d5 10. cxd5 Qxd5+ 11. Nf3 O-O 12. Nc3 Qb7 13. Bb2 Rd8 14. Qc2 Nc6 15. Rac1 Nd4 16. Qb1 Rd7 17. e4 Nxf3 18. Kxf3 Rad8 19. Rcd1 g5 20. Rxd7 g4+ 21. Kg2 Rxd7 {Marsden,R (1742)-Plotnikov,D (1500) Hastings ENG 2024 ½-½ (111)}) 7... O-O $146 ({RR} 7... Nh5 8. Qd2 Nxf4 9. Qxf4 O-O 10. Nc3 cxd4 11. Qxd4 Nc6 12. Qd2 a6 13. Rfd1 d6 14. Rac1 Qc7 15. b3 Rad8 16. Nd5 Qb8 17. Nxe7+ Nxe7 18. Qb4 Bc6 19. Ne5 Bxg2 20. Kxg2 Qb7+ 21. Nf3 d5 22. c5 {Karpati,K (1765)-Vasko,I (1976) Hungary 2013 1-0 (49)}) ({RR} 7... d6 8. dxc5 bxc5 9. Nc3 a6 10. Qb3 Qc7 11. Rad1 O-O 12. Rfe1 Nc6 13. Nd2 Rab8 14. Nce4 Nd4 15. Qd3 Nxe4 16. Nxe4 f5 17. Nxc5 Qxc5 18. Qxd4 Qxd4 19. Rxd4 e5 20. Bxe5 dxe5 21. Rd7 Bxg2 22. Rxe7 {Nguyen,T (1882)-Ton,N (2006) Hanoi 2014 0-1 (31)}) 8. Nc3 d5 9. cxd5 Nxd5 10. Nxd5 Bxd5 11. Qd3 cxd4 12. Nxd4 Bxg2 13. Kxg2 Bf6 14. Be3 Qd5+ 15. Kg1 Nd7 16. Qb3 Qb7 17. Nf3 Rac8 18. Rfd1 Nc5 19. Bxc5 Rxc5 20. Rac1 Rxc1 21. Rxc1 Rc8 22. Rd1 g6 23. h4 Qe4 24. Rd2 Rc1+ 25. Kg2 h6 26. Qb5 Qc6 27. Qb3 Kg7 28. Qa3 g5 29. hxg5 hxg5 30. g4 Qe4 31. Kh3 Rh1+ 32. Kg2 Rh4 33. Kf1 Qb1+ 34. Ne1 Rh1+ 35. Kg2 Qxe1 36. Qb4 Qf1+ 37. Kf3 Rh3+ 38. Ke4 Qxf2 39. Qf8+ Kxf8 40. Rd8+ Bxd8 41. e3 Qxe3# 0-1

[Event "45th FIDE Chess Olympiad - Women's Sect"]
[Site "Budapest, Hungary"]
[Date "2024.09.12"]
[Round "2.235"]
[White "Cruz, Bitia"]
[Black "Bertha Samson Mkude"]
[Result "1-0"]
[WhiteElo "1736"]
[BlackElo "1459"]
[PlyCount "83"]
[EventDate "2024.??.??"]
[WhiteTeam "Honduras"]
[BlackTeam "Tanzania"]
[WhiteTeamCountry "HON"]
[BlackTeamCountry "TAN"]
[WhiteClock "0:59:34"]
[BlackClock "0:24:48"]

1. e4 e5 2. Nf3 Nc6 3. Bc4 Bc5 4. c3 d6 5. Qb3 ({RR} 5. Bb3 Qf6 6. d3 Nge7 7. Be3 h6 8. Nbd2 Ng6 9. Ba4 O-O 10. Nf1 Nf4 11. Bxf4 Qxf4 12. Ng3 f5 13. Bb3+ Kh8 14. exf5 Bxf5 15. Nxf5 Rxf5 16. O-O Raf8 17. Bd5 Rh5 18. Qe2 Qg4 19. Bxc6 bxc6 {Valido Bouza,C (2241)-Gareyev,T (2605) Fort Myers 2016 0-1}) 5... Nh6 $146 ({RR} 5... Qd7 6. Ng5 Nh6 7. O-O O-O 8. Qc2 Qe7 9. d3 Na5 10. Bb3 Nxb3 11. axb3 f5 12. d4 exd4 13. cxd4 Bb6 14. Qc4+ Kh8 15. Nc3 fxe4 16. Nd5 Qd8 17. Nxe4 Nf7 18. Nxb6 cxb6 19. Qd5 Qe7 20. Ng5 {Tamarovskiy,A (1929)-Kuznetsov,M (2122) Zhukovsky 2008 0-1 (45)}) ({RR} 5... Qe7 6. d3 Nf6 7. Be3 Bb6 8. Nbd2 Be6 9. O-O Bxc4 10. Nxc4 h6 11. Rad1 O-O 12. Qc2 d5 13. exd5 Nxd5 14. Rfe1 Bxe3 15. Nxe3 Nxe3 16. Rxe3 Qc5 17. Qe2 f6 18. d4 exd4 19. Nxd4 Nxd4 20. Rxd4 {Saranda,M-Aftanasiuk,J Gdansk 2010 1-0 (46)}) ({RR} 5... Qe7 6. d3 Nf6 7. Bg5 O-O 8. O-O Na5 9. Qb5 Nxc4 10. Qxc4 Be6 11. Qa4 c6 12. d4 Bb6 13. dxe5 dxe5 14. Nxe5 Qc5 15. Bxf6 gxf6 16. Nd3 Qg5 17. Qd1 Rad8 18. Qf3 Kh8 19. Nf4 Bc4 20. Re1 {Zetlichenko,M-Timmers,S Hengelo 2004 0-1 (32)}) 6. d4 Na5 7. Qa4+ Bd7 8. Qxa5 Bb6 9. Qa3 Qe7 10. Bxh6 gxh6 11. Nbd2 Rg8 12. g3 Qf6 13. O-O-O Bg4 14. Be2 exd4 15. cxd4 Bxd4 16. Qa4+ c6 17. Qxd4 Qxd4 18. Nxd4 Bxe2 19. Nxe2 O-O-O 20. Nc4 Rg6 21. f4 b5 22. Nd2 Kb7 23. Nf3 Re6 24. e5 d5 25. Ned4 Ree8 26. Rhe1 Rf8 27. f5 Rde8 28. f6 a6 29. Nf5 h5 30. Nd6+ Kb6 31. Nxe8 Rxe8 32. Nh4 Re6 33. Nf5 Re8 34. Ne7 a5 35. e6 Rf8 36. exf7 Rxf7 37. Re6 a4 38. Rxc6+ Ka5 39. Rxd5 Kb4 40. a3+ Ka5 41. Rdd6 b4 42. Rc5# 1-0

[Event "45th FIDE Chess Olympiad - Women's Sect"]
[Site "Budapest, Hungary"]
[Date "2024.09.12"]
[Round "2.239"]
[White "Majid, Zara"]
[Black "Randriatsiferana, Dimbiharentsoa Chri"]
[Result "0-1"]
[WhiteElo "1411"]
[BlackElo "1736"]
[PlyCount "92"]
[EventDate "2024.??.??"]
[WhiteTeam "Cayman Islands"]
[BlackTeam "Madagascar"]
[WhiteTeamCountry "CAY"]
[BlackTeamCountry "MAD"]
[WhiteClock "0:20:40"]
[BlackClock "1:17:54"]

1. d4 Nf6 2. Bf4 g6 3. Nc3 Bg7 4. e4 d6 5. Qd2 h6 6. h4 ({RR} 6. h3 Nc6 7. O-O-O Nd7 8. Be3 Nb6 9. f4 e6 10. Nf3 Ne7 11. g4 Bd7 12. Rg1 Bc6 13. b3 Qd7 14. a4 d5 15. e5 Nbc8 16. Kb2 a5 17. Bd3 Na7 18. Ra1 Bf8 19. Ne2 b6 20. Ng3 Bb7 {Kostenko,P (2438)-Vakhidov,J (2519) Tashkent 2017 0-1 (59)}) 6... Nbd7 ({RR} 6... b6 7. f3 Bb7 8. O-O-O Nbd7 9. e5 Nd5 10. Nxd5 Bxd5 11. c4 Bb7 12. exd6 cxd6 13. Kb1 Nf8 14. g4 Ne6 15. Be3 Rc8 16. Nh3 Bxf3 17. Bd3 Bxg4 18. Rdf1 f5 19. h5 Bxh5 20. Nf4 Nxf4 21. Bxf4 {Cueto,J (2108)-Caglar,S (2142) chess.com INT 2024 ½-½ (41)}) 7. O-O-O Nb6 $146 ({RR} 7... a6 8. Nf3 Nb6 9. Bd3 Nh5 10. Bh2 Bg4 11. e5 d5 12. e6 Bxe6 13. Ne5 Bf5 14. g4 Bxd3 15. Qxd3 Nf6 16. Qf3 g5 17. hxg5 hxg5 18. Bg3 Rxh1 19. Rxh1 e6 20. Rh7 Kf8 21. Rh2 Qe7 22. Qe3 {Hermes,G (1860)-Escanciano Reyero,D (1732) Caleta 2019 ½-½ (55)}) ({RR} 7... e5 8. dxe5 dxe5 9. Bxe5 Nxe4 10. Nxe4 Bxe5 11. f4 Bg7 12. Nc5 Qf6 13. Re1+ Kf8 14. Qb4 Qxb2+ 15. Qxb2 Bxb2+ 16. Kxb2 Nxc5 17. Nf3 Be6 18. Ne5 Kg7 19. Bc4 Bxc4 20. Nxc4 Rhe8 21. g4 f6 22. f5 {Wetjen,F (1688)-Kiesel,L (1837) Verden 2018 0-1 (60)}) ({RR} 7... c6 8. e5 dxe5 9. dxe5 Nh7 10. e6 fxe6 11. Bxh6 Kf7 12. Bxg7 Kxg7 13. h5 Nhf6 14. h6+ Kf7 15. Nf3 Qg8 16. Ng5+ Ke8 17. Bc4 Nd5 18. h7 Qf8 19. Nxe6 Qf6 20. Bxd5 cxd5 21. Nxd5 Qf5 22. Ng7+ {Farokhi,K (2018)-Stockmann,T (1884) Wuerzburg 2019 1-0}) 8. f3 Bd7 9. g4 e5 10. dxe5 dxe5 11. Bxe5 Nxe4 12. Qe3 Bxe5 13. Qxe4 Qe7 14. Qxb7 Bxc3 15. bxc3 Qe3+ 16. Kb2 Na4+ 17. Ka3 Qxc3+ 18. Qb3 Qc5+ 19. Qb4 Qxb4+ 20. Kxb4 Rb8+ 21. Ka3 Nc3 22. Re1+ Kf8 23. Bc4 Nb1+ 24. Rxb1 Rxb1 25. Bb3 Kg7 26. Kb4 Re8 27. Ka5 Ree1 28. Ka6 Rxg1 29. Rxg1 Rxg1 30. Kxa7 Ra1 31. Kb7 Be6 32. Kxc7 Bxb3 33. axb3 Rc1 34. b4 Rxc2+ 35. Kb6 Kf8 36. b5 Ke7 37. Ka6 Ra2+ 38. Kb7 Kd7 39. b6 Ra3 40. f4 Ra4 41. Kb8 Kc6 42. b7 Rb4 43. Ka8 Rxb7 44. g5 hxg5 45. f5 Kc7 46. fxg6 Rb2 0-1

[Event "45th FIDE Chess Olympiad - Women's Sect"]
[Site "Budapest, Hungary"]
[Date "2024.09.12"]
[Round "2.240"]
[White "Tsinjoviniavo, Aina Mahasambatra"]
[Black "Patil, Anvita Niranjan"]
[Result "1-0"]
[WhiteElo "1662"]
[BlackElo "1589"]
[PlyCount "185"]
[EventDate "2024.??.??"]
[WhiteTeam "Madagascar"]
[BlackTeam "Cayman Islands"]
[WhiteTeamCountry "MAD"]
[BlackTeamCountry "CAY"]
[WhiteClock "0:35:47"]
[BlackClock "0:08:48"]

1. e4 e5 2. Nf3 Nc6 3. d4 exd4 4. Nxd4 Bc5 5. Nf5 Qf6 6. Nc3 Nge7 7. Be3 ({RR} 7. Qg4 O-O 8. Bg5 Qg6 9. Qf4 d5 10. O-O-O dxe4 11. Nxe7+ Bxe7 12. Bxe7 Nxe7 13. Qxc7 Nc6 14. Bb5 Re8 15. Kb1 a6 16. Bc4 Be6 17. Bxe6 Qxe6 18. Qxb7 Rab8 19. Qxa6 Qf6 20. Qc4 Rec8 21. Qc5 Ne7 {Zhang,D (2362)-Lin Chen (2484) Fuling CHN 2024 0-1 (48)}) 7... Bb4 8. Nxe7 Qxe7 ({RR} 8... Bxc3+ 9. bxc3 Qxe7 10. Bd3 O-O 11. O-O d6 12. Rb1 b6 13. Qh5 Ne5 14. h3 f5 15. exf5 Nxd3 16. cxd3 Rxf5 17. Qe2 Bb7 18. Rb4 Re8 19. Rg4 c5 20. Qb2 Qf6 21. Qd2 Kh8 22. a4 Bc6 23. Ra1 {Kislinsky,A (2482)-Bazant,P (2392) Czech Republic 2010 1-0 (135)}) 9. Qd3 $146 ({RR} 9. Bd3 d6 10. O-O Bxc3 11. bxc3 O-O 12. Qd2 Ne5 13. Rae1 Be6 14. f4 Nc4 15. Qf2 Nxe3 16. Qxe3 f6 17. e5 fxe5 18. fxe5 Bxa2 19. Qe4 g6 20. Qxb7 dxe5 21. Rxf8+ Rxf8 22. Qxa7 Bd5 23. Qa5 c5 {Ruiz Castillo,J (2120)-Reshef,O (1955) Kemer 2009 0-1}) ({RR} 9. Bd3 Ne5 10. Be2 a6 11. O-O d6 12. f4 Ng6 13. Bd4 O-O 14. Bd3 b6 15. Qf3 Bc5 16. Ne2 Bd7 17. Kh1 Bxd4 18. Nxd4 c5 19. Ne2 Qf6 20. Nc3 Bc6 21. e5 dxe5 22. fxe5 Qxf3 23. gxf3 Nxe5 {Lalic,S-Robinson,J Derby 1986 0-1 (64)}) ({RR} 9. Bd3 d6 10. O-O Bxc3 11. bxc3 Ne5 12. f4 Bg4 13. Qd2 Nxd3 14. cxd3 Bd7 15. Rab1 Bc6 16. Bd4 O-O 17. f5 f6 18. c4 b6 19. Rbe1 a5 20. g4 b5 21. cxb5 Bxb5 22. h4 c5 23. Bc3 Rfe8 {Rakhmatullaev,A (2306)-Roux,B (2199) chess.com INT 2023 1-0 (33)}) 9... d6 10. O-O-O Be6 11. a3 Ba5 12. f4 O-O-O 13. b4 Bb6 14. Bxb6 axb6 15. f5 Bd7 16. Qc4 Ne5 17. Qb3 f6 18. Nd5 Qf7 19. Bc4 Qe8 20. b5 Nxc4 21. Qxc4 c6 22. Nxb6+ Kb8 23. Nxd7+ Qxd7 24. b6 c5 25. a4 Rhe8 26. a5 Qc6 27. Rhe1 Rd7 28. Rd5 Red8 29. Re3 Rh8 30. Rb3 Re8 31. Ra3 Rde7 32. a6 Rxe4 33. a7+ Ka8 34. Qa2 Re1+ 35. Rd1 Qe4 36. Rad3 Qf4+ 37. Kb2 Rxd1 38. Rxd1 Qxh2 39. Qf7 Qe5+ 40. Kb3 Qe3+ 41. Rd3 c4+ 42. Qxc4 Qxb6+ 43. Ka2 Kxa7 44. Qa4+ Qa6 45. Qxa6+ bxa6 46. Rxd6 Rb8 47. Ka3 Rb7 48. c4 Rb6 49. Re6 g6 50. c5 Rb5 51. Rxf6 Rxc5 52. Rf7+ Kb6 53. f6 h6 54. Rg7 Rg5 55. f7 Rg3+ 56. Kb4 Rg4+ 57. Kc3 Rf4 58. g3 Rf6 59. Kd4 g5 60. Rg6 Rxg6 61. f8=Q Rc6 62. Qd8+ Kb5 63. Qd5+ Kb6 64. Qb3+ Kc7 65. Ke5 a5 66. Qb5 Rb6 67. Qxa5 Kc6 68. Qd5+ Kc7 69. Kf5 Rd6 70. Qe5 Kc6 71. Kg4 Rd5 72. Qe4 Kc5 73. Qe7+ Kc4 74. Kh5 Rd4 75. Kxh6 g4 76. Kg5 Rd5+ 77. Kxg4 Rd4+ 78. Kh5 Rd5+ 79. Kh6 Rd3 80. g4 Rh3+ 81. Kg7 Rg3 82. g5 Rg4 83. Qe6+ Kd4 84. Qxg4+ Ke5 85. Kf7 Kd6 86. g6 Ke5 87. g7 Kd6 88. g8=Q Kd5 89. Q8g5+ Kd6 90. Qe6+ Kc7 91. Qge7+ Kb8 92. Qb6+ Ka8 93. Qeb7# 1-0

[Event "45th FIDE Chess Olympiad - Women's Sect"]
[Site "Budapest, Hungary"]
[Date "2024.09.12"]
[Round "2.242"]
[White "Kouassi Edichy Berenice"]
[Black "Lopez L., Dairyn D."]
[Result "0-1"]
[WhiteElo "1528"]
[BlackElo "1740"]
[PlyCount "74"]
[EventDate "2024.??.??"]
[WhiteTeam "Cote d’Ivoire"]
[BlackTeam "Guatemala"]
[BlackTeamCountry "GUA"]
[WhiteClock "0:03:33"]
[BlackClock "0:04:34"]

1. d4 g6 2. Nf3 Bg7 3. g3 d6 4. Bg2 f5 5. Be3 $146 ({RR} 5. c3 c6 6. Nbd2 Nh6 7. Qb3 Qb6 8. Nc4 Qxb3 9. axb3 Na6 10. Ng5 Nc7 11. O-O O-O 12. Bd2 Nf7 13. Ra2 d5 14. Na5 e5 15. Nxf7 Rxf7 16. dxe5 Bxe5 17. f4 Bd6 18. b4 Re7 19. Bf3 Nb5 {Hoenlinger,B-Jaeger,W Frankfurt Hoechst 1955 0-1 (101)}) ({RR} 5. c3 Nc6 6. O-O e5 7. dxe5 dxe5 8. Qxd8+ Nxd8 9. e4 fxe4 10. Ng5 Nf6 11. Nxe4 Nxe4 12. Bxe4 Nf7 13. Re1 Nd6 14. Bd5 c6 15. Bb3 Bf5 16. Be3 Kd7 17. Nd2 Kc7 18. f4 Rhe8 19. fxe5 Bxe5 {Nyzhnyk,I (2625)-Jakubiec,A (2515) Germany 2014 1-0 (44)}) ({RR} 5. Nc3 Nf6 6. Bg5 Nbd7 7. Qd3 d5 8. h4 c6 9. g4 fxg4 10. Ne5 Nxe5 11. dxe5 Nd7 12. O-O-O Nxe5 13. Qg3 Nf7 14. Bxd5 Qa5 15. Bxf7+ Kxf7 16. Qf4+ Qf5 17. Qc7 Re8 18. Rd8 Qe5 19. Qxe5 Bxe5 {Peyrer,K (2300)-Petran,P (2231) Austria 2022 ½-½ (31)}) ({RR} 5. b3 Nh6 6. Bb2 O-O 7. Nbd2 Nc6 8. Nc4 e6 9. Qd2 Nf7 10. Rd1 Ne7 11. Ng5 Nxg5 12. Qxg5 h6 13. Qd2 Rb8 14. O-O Bd7 15. Rfe1 g5 16. e3 Ng6 17. f4 Bc6 18. d5 Bxb2 19. dxc6 Bf6 {Pomar Salamanca,A-Palacios de la Prida,E Malaga 1971 1-0 (40)}) ({RR} 5. c4 Nh6 6. Nc3 O-O 7. O-O Qe8 8. e4 e5 9. dxe5 fxe4 10. Nxe4 Nf7 11. Nf6+ Bxf6 12. exf6 Qe6 13. Ng5 Qxc4 14. Bd5 Qg4 15. Nxf7 Rxf7 16. Qxg4 Bxg4 17. Bxb7 {1-0 (17) Gamble,R-Lazonby,N Derby 1986}) 5... Nf6 6. Nbd2 c6 7. c4 Na6 8. O-O O-O 9. Qb3 Kh8 10. Ne1 Qe8 11. Nd3 h6 12. Nf3 g5 13. Rac1 Nc7 14. Bd2 Ne4 15. Bc3 f4 16. d5 Nxc3 17. bxc3 e5 18. dxc6 bxc6 19. Nd2 Bf5 20. Qb7 Qe7 21. Qxc6 Rab8 22. Rb1 Rfc8 23. Rb7 Qd8 24. Rxa7 Nb5 25. Qa6 Nxa7 26. Qxa7 Rc7 27. Qa3 Qe7 28. Nb3 e4 29. Nb4 Rxc4 30. Rd1 Rxc3 31. Nd5 Qe5 32. Nxc3 Qxc3 33. Qxd6 Rf8 34. g4 Bh7 35. Rc1 Qb2 36. Qd2 Qf6 37. Qd4 Qxd4 0-1

[Event "45th FIDE Chess Olympiad - Women's Sect"]
[Site "Budapest, Hungary"]
[Date "2024.09.12"]
[Round "2.245"]
[White "Magne Kouokam Sylviane"]
[Black "Chuemsakul, Sarocha"]
[Result "0-1"]
[WhiteElo "1587"]
[BlackElo "1906"]
[PlyCount "108"]
[EventDate "2024.??.??"]
[WhiteTeam "Cameroon"]
[BlackTeam "Thailand"]
[WhiteTeamCountry "CAM"]
[BlackTeamCountry "THA"]
[WhiteClock "0:13:13"]
[BlackClock "0:13:26"]

1. d4 d5 2. c4 e6 3. Nf3 Nf6 4. Nc3 c5 5. cxd5 exd5 6. Bf4 Be7 $146 ({RR} 6... Bd6 7. Bxd6 Qxd6 8. dxc5 Qxc5 9. e3 O-O 10. Bd3 Nc6 11. Rc1 Bg4 12. O-O Qe7 13. h3 Be6 14. Re1 Rfd8 15. Re2 Ne4 16. a3 f5 17. Bb1 Qf6 18. Nb5 Bf7 19. Ba2 Rac8 20. Rec2 Qe6 21. Nbd4 {Valentiner,O-Dyckhoff,E Barmen 1905 1-0 (41)}) ({RR} 6... Bd6 7. Bxd6 Qxd6 8. e3 O-O 9. Be2 Nc6 10. O-O Bf5 11. h3 b6 12. Bd3 Bxd3 13. Qxd3 c4 14. Qc2 Nb4 15. Qd2 Ne4 16. Nxe4 dxe4 17. Ne5 b5 18. a3 Nd3 19. Nxd3 exd3 20. b3 Rac8 21. Rfc1 {Bulhoes,B (1566)-De Lira,C Recife BRA 2022 1-0 (43)}) ({RR} 6... a6 7. Qc2 Nc6 8. e3 cxd4 9. Nxd4 Be7 10. Nxc6 bxc6 11. Bd3 Bb7 12. O-O O-O 13. Bg5 h6 14. Bxf6 Bxf6 15. Na4 Rb8 16. Rad1 Be7 17. Nc5 a5 18. b3 Bc8 19. Rc1 Qd6 20. Rfd1 f5 21. Be2 {Kupka,G-Paschke,E Schkopau 1958 ½-½ (42)}) ({RR} 6... Bd6 7. Ne5 Nc6 8. e3 O-O 9. Be2 Bf5 10. f3 cxd4 11. Nxc6 bxc6 12. Bxd6 Qxd6 13. Qxd4 Rfe8 14. O-O c5 15. Qd2 Rad8 16. Rfe1 Re7 17. Bd3 Bxd3 18. Qxd3 Rde8 19. e4 Qb6 20. Qc2 c4+ 21. Kf1 {De Koster,F-Johansen,B Gausdal 2008 0-1 (48)}) 7. e3 c4 8. a4 a6 9. Be2 Qb6 10. Qc1 Nc6 11. O-O O-O 12. Ne5 Na5 13. Ra2 Bf5 14. Bf3 Rfd8 15. Bg5 Nb3 16. Qe1 Be6 17. Qd1 h6 18. Bxf6 Bxf6 19. Ng4 Be7 20. Ne5 Rab8 21. Bg4 Bf6 22. Bxe6 Qxe6 23. f4 b5 24. a5 Re8 25. e4 dxe4 26. f5 Qc8 27. Nxe4 Bxe5 28. dxe5 Rxe5 29. Nd6 Qc5+ 30. Kh1 Rd5 31. Qg4 Qxd6 32. f6 g6 33. Re1 Qxf6 34. Kg1 Rbd8 35. h3 Rg5 36. Qe2 Rd2 37. Qe8+ Kg7 38. Re2 Rxe2 39. Qxe2 Nc1 40. Qc2 Nxa2 41. Qd2 c3 42. bxc3 Nxc3 43. Qe3 Rf5 44. Kh2 Qe5+ 45. Qg3 Qxg3+ 46. Kxg3 b4 47. Kh4 b3 48. g4 b2 49. gxf5 b1=Q 50. fxg6 Qe1+ 51. Kg4 Kxg6 52. h4 f5+ 53. Kh3 Ne4 54. h5+ Kg5 0-1

[Event "45th FIDE Chess Olympiad - Women's Sect"]
[Site "Budapest, Hungary"]
[Date "2024.09.12"]
[Round "2.246"]
[White "Prommuang, Araya"]
[Black "Danwe Maissiri Carole"]
[Result "1-0"]
[WhiteElo "1753"]
[BlackElo "1456"]
[PlyCount "53"]
[EventDate "2024.??.??"]
[WhiteTeam "Thailand"]
[BlackTeam "Cameroon"]
[WhiteTeamCountry "THA"]
[BlackTeamCountry "CAM"]
[WhiteClock "1:18:21"]
[BlackClock "0:49:25"]

1. e4 e5 2. Nf3 Nc6 3. Bb5 Nf6 4. O-O a6 5. Ba4 Be7 6. c3 Nxe4 7. Re1 Nc5 8. Bxc6 dxc6 9. Nxe5 O-O 10. d4 Ne6 11. Be3 Bd7 $146 ({RR} 11... f5 12. f4 Rf6 13. Nd2 Nf8 14. Bf2 Ng6 15. Nxg6 Rxg6 16. Qb3+ Kf8 17. Nf3 Qd5 18. c4 Qd8 19. Re2 Re6 20. Ne5 Bf6 21. Rd1 b6 22. Rde1 Bxe5 23. Rxe5 Rxe5 24. Rxe5 Qf6 25. Qe3 Bd7 26. Be1 {Barbour,L-Bird,H Philadelphia 1876 ½-½}) ({RR} 11... f6 12. Nd3 Bd6 13. Nd2 Re8 14. Qb3 Qd7 15. Ne4 Bf8 16. f3 Qf7 17. Bf2 b6 18. Bg3 Bb7 19. Nef2 a5 20. a4 Rad8 21. Nf4 Nxf4 22. Qxf7+ Kxf7 23. Bxf4 Rd7 24. Rxe8 Kxe8 25. Be3 Re7 26. Nd1 {Sevillano,E (2510)-Peters,J (2370) Los Angeles 2011 ½-½ (51)}) ({RR} 11... Bd6 12. Nd2 Bxe5 13. dxe5 Qe7 14. Ne4 b6 15. f4 Rd8 16. Qh5 Nf8 17. Bf2 Qe6 18. Qg5 Rd3 19. Rad1 Rxd1 20. Rxd1 Qg6 21. Qxg6 hxg6 22. Be3 Ne6 23. g4 Nf8 24. h3 c5 25. c4 Bb7 26. Nc3 {Kampert,A (2062)-Grimm,M (1858) Bayern 2011 1-0}) ({RR} 11... f6 12. Nd3 Bd6 13. Nd2 f5 14. f4 g5 15. g3 g4 16. Nc4 Ng7 17. Nce5 Be6 18. b3 Nh5 19. Bf2 Qe8 20. c4 Nf6 21. Qe2 Ne4 22. Nxg4 Qg6 23. Nge5 Qg7 24. Kh1 Rf6 25. g4 Nxf2+ 26. Nxf2 {Judd,M-Zukertort,J Saint Louis 1884 0-1 (42)}) ({RR} 11... f6 12. Nd3 Re8 13. Qb3 Kh8 14. Nd2 Nf8 15. Nf4 Bd6 16. Nh5 Rb8 17. Bh6 Ne6 18. Nxg7 Bf8 19. Rxe6 Bxg7 20. Bxg7+ Kxg7 21. Rxe8 Qxe8 22. Nf1 Be6 23. Qc2 Qf7 24. b3 Kh8 25. Re1 Re8 26. Ng3 {Faehndrich,H-Englisch,B Vienna 1887 1-0 (36)}) 12. Nd2 f5 13. Ndf3 Ng5 14. Bxg5 Bxg5 15. Qb3+ Kh8 16. Nxg5 Qxg5 17. Nf7+ Rxf7 18. Qxf7 f4 19. Qxd7 Qg6 20. Re6 Qh5 21. Rae1 h6 22. Re8+ Rxe8 23. Qxe8+ Qxe8 24. Rxe8+ Kh7 25. Rf8 g5 26. Rf7+ Kg6 27. Rxc7 1-0